01451nam a22002297a 450000500170000000800410001704000270005804100080008504400070009310000340010024501650013426000540029930000560035349000680040950504440047765000620092165000620098365000730104565000500111871000290116871000240119720160908142723.0150814t2014 ck |||||r|||| 00| 0 spa d aCO-BoIAVH cCO-BoIAVH 0 aspa ack1 aCastaño Murillo, Benjamín1 aSembrar y cosechar leña:bManual para el establecimiento de huertos leñeros / cBenjamín Castaño Murillo, Fondo Patrimonio Natural y Fundación MarViva3 aBogotá (Colombia):bFundación MarViva,c2014. a28 p.bilustraciones, fotografías, color.c22 cm. aProyecto Incentivos a la Conservación, caso piloto Pacífico aSembrar y cosechar leña, manual para cosechar huertos leñeros. Huertos leñeros. Mapa de los huertos leñeros en el Golfo de Tribugá. Selección de las especies. Tratamiento de las semillas. Los viveros forestales. El manejo de los viveros de producción. Planeación de los huertos leñeros. Zonificación del terreno y diseño del huerto. En el momento de la siembra... Actividades de manejo. Manejo de árboles leñeros. 6aSiembraxProducto forestalzGolfo de Tribugá (Colombia) 6aCosechaxProducto forestalzGolfo de Tribugá (Colombia) 6aProducto forestalxBuenas prácticaszGolfo de Tribugá (Colombia) 6aHuertos familiaresvManualxProducto forestal2 aFondo Patrimonio Natural2 aFundación MarViva